The price of affluence : Dilemmas of contemporary Japan

Đã lưu trong:
Sonraí Bibleagrafaíochta
Príomhúdar: Hidaka, Rokuro
Formáid: Leabhar
Teanga:Undetermined
Foilsithe: Tokyo Kodansha International 1984
Ábhair:
Clibeanna: Cuir Clib Leis
Gan Chlibeanna, Bí ar an gcéad duine leis an taifead seo a chlibeáil!
Thư viện lưu trữ: Trung tâm Học liệu Trường Đại học Cần Thơ
LEADER 00550nam a2200217Ia 4500
001 CTU_115262
008 210402s9999 xx 000 0 und d
082 |a 952.04 
082 |b H632 
100 |a Hidaka, Rokuro 
245 4 |a The price of affluence : 
245 0 |b Dilemmas of contemporary Japan 
245 0 |c Rokuro Hidaka 
260 |a Tokyo 
260 |b Kodansha International 
260 |c 1984 
650 |a Japan 
650 |x History 
650 |y 1945- 
904 |i Giang 
980 |a Trung tâm Học liệu Trường Đại học Cần Thơ